[Event "CAN-ch Post-Secondary A"]
[Site "Waterloo CAN"]
[Date "2011.01.15"]
[Round "1"]
[White "Kleinman, Robert"]
[Black "Voloaca, Mihnea"]
[Result "0-1"]
[WhiteElo "1878"]
[BlackElo "2338"]
[PlyCount "72"]
[GameId "2160767909812863"]
[EventDate "2011.01.15"]
[EventType "team"]
[EventRounds "4"]
[EventCountry "CAN"]
[SourceTitle "EXT 2022"]
[Source "ChessBase"]
[SourceDate "2021.10.06"]
[SourceVersion "1"]
[SourceVersionDate "2021.10.06"]
[SourceQuality "1"]

1. e4 e5 2. Nf3 Nc6 3. Bc4 Bc5 4. c3 Nf6 5. d3 d6 6. Bg5 a6 7. a4 h6 8. Be3 Bxe3 9. fxe3 O-O 10. Nbd2 d5 11. exd5 Nxd5 12. Qe2 Be6 13. O-O Qe7 14. d4 Rae8 15. Qf2 e4 16. Ne1 Nb6 17. Be2 f5 18. a5 Nc8 19. Nc2 Nd6 20. c4 Bc8 21. Rac1 Nxa5 22. d5 b5 23. Nd4 f4 24. b4 Nab7 25. Nc6 Qf6 26. Qe1 f3 27. gxf3 Qg5+ 28. Kh1 Qxe3 29. fxe4 Nxe4 30. Rxf8+ Rxf8 31. Ne7+ Kh7 32. Bh5 Nf2+ 33. Kg2 Qg5+ 34. Kf1 Bh3+ 35. Ke2 Qxe7+ 36. Ne4 Qxe4+ 0-1

[Event "CAN-ch Post-Secondary A"]
[Site "Waterloo CAN"]
[Date "2011.01.15"]
[Round "1"]
[White "McDonald, Justin"]
[Black "Ramaswamy, Kiran"]
[Result "1/2-1/2"]
[WhiteElo "2006"]
[BlackElo "1943"]
[PlyCount "63"]
[GameId "2160767909812864"]
[EventDate "2011.01.15"]
[EventType "team"]
[EventRounds "4"]
[EventCountry "CAN"]
[SourceTitle "EXT 2022"]
[Source "ChessBase"]
[SourceDate "2021.10.06"]
[SourceVersion "1"]
[SourceVersionDate "2021.10.06"]
[SourceQuality "1"]

1. e4 c5 2. f4 Nc6 3. Nf3 d6 4. Nc3 g6 5. Bc4 Bg7 6. f5 e6 7. fxe6 Bxe6 8. Bxe6 fxe6 9. O-O Nf6 10. b3 O-O 11. Qe2 Nd4 12. Nxd4 cxd4 13. Nd1 d5 14. exd5 Qxd5 15. d3 Nh5 16. Nf2 Nf4 17. Bxf4 Rxf4 18. Nh3 Rf5 19. Rxf5 exf5 20. Nf4 Qc6 21. Qe6+ Qxe6 22. Nxe6 Bh6 23. Re1 Be3+ 24. Kf1 Rc8 25. Rxe3 dxe3 26. c4 Re8 27. Nf4 g5 28. Nd5 Kf7 29. Ke2 f4 30. Nc3 Kg6 31. g3 Kf5 32. Nd5 1/2-1/2

[Event "CAN-ch Post-Secondary A"]
[Site "Waterloo CAN"]
[Date "2011.01.15"]
[Round "1"]
[White "Moisseev, Dmitri"]
[Black "Rahman, Abeer"]
[Result "1-0"]
[WhiteElo "1881"]
[BlackElo "975"]
[PlyCount "55"]
[GameId "2160767909812865"]
[EventDate "2011.01.15"]
[EventType "team"]
[EventRounds "4"]
[EventCountry "CAN"]
[SourceTitle "EXT 2022"]
[Source "ChessBase"]
[SourceDate "2021.10.06"]
[SourceVersion "1"]
[SourceVersionDate "2021.10.06"]
[SourceQuality "1"]

1. e4 e5 2. Nf3 Nc6 3. Bc4 Nh6 4. d3 Qf6 5. Nc3 Nb4 6. a3 d6 7. axb4 Bg4 8. Nd5 Qd8 9. h3 Be6 10. Bg5 f6 11. Bxh6 gxh6 12. Nxc7+ Qxc7 13. Bxe6 Qe7 14. Bd5 Rb8 15. Rxa7 Bg7 16. Nh4 Qc7 17. Nf5 Bf8 18. Qh5+ Kd8 19. O-O Qb6 20. Rfa1 Qxb4 21. Qf7 Qb5 22. Qxf6+ Kc7 23. Qxh8 Qb6 24. Qxh7+ Kd8 25. Rxb7 Rxb7 26. Bxb7 Qc7 27. Ra8+ Qc8 28. Rxc8# 1-0

[Event "CAN-ch Post-Secondary A"]
[Site "Waterloo CAN"]
[Date "2011.01.15"]
[Round "1"]
[White "Pan, Neal"]
[Black "Von Keitz, Michael"]
[Result "1/2-1/2"]
[WhiteElo "2037"]
[BlackElo "1747"]
[PlyCount "78"]
[GameId "2160767909812866"]
[EventDate "2011.01.15"]
[EventType "team"]
[EventRounds "4"]
[EventCountry "CAN"]
[SourceTitle "EXT 2022"]
[Source "ChessBase"]
[SourceDate "2021.10.06"]
[SourceVersion "1"]
[SourceVersionDate "2021.10.06"]
[SourceQuality "1"]

1. e4 e5 2. Nf3 Nf6 3. Nc3 Nc6 4. Bc4 Bc5 5. O-O O-O 6. a3 d6 7. h3 Be6 8. Bxe6 fxe6 9. Re1 Nh5 10. Rf1 Ng3 11. d4 exd4 12. fxg3 dxc3+ 13. Kh2 cxb2 14. Bxb2 Qe7 15. Qd2 e5 16. Ng5 Kh8 17. h4 Rxf1 18. Rxf1 Rf8 19. Rxf8+ Qxf8 20. Qd5 h6 21. Nf7+ Kh7 22. Qe6 Qe7 23. Qf5+ g6 24. Qf3 Kg7 25. Bc1 Qxf7 26. Bxh6+ Kg8 27. Qg4 Kh7 28. Bg5 Bxa3 29. h5 gxh5 30. Qh4 Bc5 31. g4 a5 32. gxh5 a4 33. Bf6 Nd4 34. c3 a3 35. cxd4 a2 36. Qg5 Bxd4 37. Qf5+ Kg8 38. Qc8+ Qf8 39. Qe6+ Qf7 1/2-1/2

[Event "CAN-ch Post-Secondary A"]
[Site "Waterloo CAN"]
[Date "2011.01.15"]
[Round "1"]
[White "Peristy, Luke"]
[Black "Yu, Jonathan"]
[Result "0-1"]
[WhiteElo "1650"]
[BlackElo "1969"]
[PlyCount "66"]
[GameId "2160767909812867"]
[EventDate "2011.01.15"]
[EventType "team"]
[EventRounds "4"]
[EventCountry "CAN"]
[SourceTitle "EXT 2022"]
[Source "ChessBase"]
[SourceDate "2021.10.06"]
[SourceVersion "1"]
[SourceVersionDate "2021.10.06"]
[SourceQuality "1"]

1. c4 e6 2. Nc3 d5 3. d4 Bb4 4. e3 Nf6 5. Bd2 O-O 6. Nf3 c5 7. cxd5 exd5 8. Be2 Nc6 9. a3 Bxc3 10. Bxc3 c4 11. a4 Ne4 12. O-O Re8 13. Nd2 Nxc3 14. bxc3 Bf5 15. Bg4 Bd3 16. Be2 Bg6 17. Bh5 Ne7 18. Bxg6 Nxg6 19. Re1 Qg5 20. Qf3 Rad8 21. Rad1 f5 22. Qg3 Qf6 23. f3 f4 24. exf4 Nxf4 25. Ne4 dxe4 26. fxe4 Rf8 27. e5 Qc6 28. Qg4 h5 29. Qf3 Qxa4 30. Qxb7 Rb8 31. Qe4 Rb2 32. Ra1 Qb3 33. g3 Nh3+ 0-1

[Event "CAN-ch Post-Secondary A"]
[Site "Waterloo CAN"]
[Date "2011.01.15"]
[Round "1"]
[White "Stevens, Christian"]
[Black "Chung, Kevin"]
[Result "0-1"]
[WhiteElo "2388"]
[BlackElo "2284"]
[PlyCount "76"]
[GameId "2160767909812869"]
[EventDate "2011.01.15"]
[EventType "team"]
[EventRounds "4"]
[EventCountry "CAN"]
[SourceTitle "EXT 2022"]
[Source "ChessBase"]
[SourceDate "2021.10.06"]
[SourceVersion "1"]
[SourceVersionDate "2021.10.06"]
[SourceQuality "1"]

1. e4 e6 2. Qe2 Be7 3. Nf3 d5 4. d3 Nf6 5. g3 O-O 6. Bg2 c5 7. O-O Nc6 8. e5 Ne8 9. c4 Nc7 10. Nc3 b6 11. Rd1 Bb7 12. d4 Ba6 13. b3 Qe8 14. dxc5 Bxc5 15. Qc2 h6 16. a3 dxc4 17. bxc4 Rd8 18. Bf4 Qe7 19. Ne4 Rxd1+ 20. Rxd1 Bxa3 21. Bxh6 Rd8 22. Bg5 Rxd1+ 23. Qxd1 Qe8 24. Qa4 Bf8 25. Nd6 Qd7 26. Qc2 Nxe5 27. Nxe5 Qxd6 28. Bf4 Qd4 29. h4 Bd6 30. Qe2 Nd5 31. Qh5 g6 32. Nxg6 Nxf4 33. Nxf4 Bxf4 34. Qg4+ Kf8 35. gxf4 Bxc4 36. Qg5 Bd3 37. h5 a5 38. Qh6+ Qg7 0-1

[Event "CAN-ch Post-Secondary A"]
[Site "Waterloo CAN"]
[Date "2011.01.15"]
[Round "1"]
[White "Suire, Benjamin"]
[Black "Roddick, Steve"]
[Result "0-1"]
[WhiteElo "1756"]
[BlackElo "1826"]
[PlyCount "80"]
[GameId "2160767909812870"]
[EventDate "2011.01.15"]
[EventType "team"]
[EventRounds "4"]
[EventCountry "CAN"]
[SourceTitle "EXT 2022"]
[Source "ChessBase"]
[SourceDate "2021.10.06"]
[SourceVersion "1"]
[SourceVersionDate "2021.10.06"]
[SourceQuality "1"]

1. e4 c5 2. Nf3 d6 3. d4 cxd4 4. Nxd4 Nf6 5. Nc3 a6 6. Be2 e6 7. Bg5 Qc7 8. Qd2 Nbd7 9. O-O b5 10. a3 Bb7 11. f3 Rc8 12. Rfd1 d5 13. exd5 Nxd5 14. Nxd5 Bxd5 15. c3 Bd6 16. h3 h6 17. Be3 Ne5 18. Kf2 Nc4 19. Bxc4 Qxc4 20. Nf5 Bb8 21. Nxg7+ Kf8 22. Qd4 Qxd4 23. Bxd4 e5 24. Bxe5 Bxe5 25. Rxd5 Bxg7 26. Rd6 Ra8 27. Rad1 Be5 28. Rb6 Kg7 29. Rd7 Rhd8 30. Rxd8 Rxd8 31. Ke3 Rd6 32. Rxd6 Bxd6 33. Kd4 Bf4 34. a4 bxa4 35. c4 Kf6 36. Kc3 Bd6 37. Kd4 Be5+ 38. Kd5 Bxb2 39. c5 a3 40. c6 Be5 0-1

[Event "CAN-ch Post-Secondary A"]
[Site "Waterloo CAN"]
[Date "2011.01.15"]
[Round "1"]
[White "Sundar, Avinaash"]
[Black "Zaghi, Michael"]
[Result "1-0"]
[WhiteElo "2228"]
[BlackElo "1845"]
[PlyCount "86"]
[GameId "2160767909812871"]
[EventDate "2011.01.15"]
[EventType "team"]
[EventRounds "4"]
[EventCountry "CAN"]

1. Nf3 d5 2. g3 Nf6 3. Bg2 e6 4. O-O Be7 5. d4 O-O 6. Nbd2 Nbd7 7. c4 c5 8. b3 b6 9. Bb2 Bb7 10. Rc1 Rc8 11. Ne5 Ne4 12. cxd5 Nxd2 13. Nxd7 Nxf1 14. Nxf8 Bg5 15. Rc3 Bxd5 16. Nxe6 Bxe6 17. Kxf1 Qxd4 18. Qxd4 cxd4 19. Rxc8+ Bxc8 20. Bxd4 Be7 21. Bd5 Kf8 22. e4 Bb4 23. Ke2 f6 24. f4 Ke7 25. Kd3 Ba3 26. e5 f5 27. Kc3 Bc1 28. Kc2 Ba3 29. Be3 Kd7 30. Kc3 Be7 31. b4 Kc7 32. Bd4 Bf8 33. b5 Bd7 34. Kc4 Bc8 35. a4 Bd7 36. Bc3 g6 37. h3 Bc5 38. Bd4 Be7 39. h4 Be8 40. Bg8 h6 41. Kd5 Bd7 42. e6 Be8 43. Be5+ Kd8 1-0

[Event "CAN-ch Post-Secondary A"]
[Site "Waterloo CAN"]
[Date "2011.01.15"]
[Round "2.1"]
[White "Kleinman, Robert"]
[Black "Farine, Jonathan"]
[Result "0-1"]
[WhiteElo "1878"]
[BlackElo "1891"]
[PlyCount "114"]
[GameId "2160767909812875"]
[EventDate "2011.01.15"]
[EventType "team"]
[EventRounds "4"]
[EventCountry "CAN"]
[SourceTitle "EXT 2022"]
[Source "ChessBase"]
[SourceDate "2021.10.06"]
[SourceVersion "1"]
[SourceVersionDate "2021.10.06"]
[SourceQuality "1"]

1. e4 e5 2. Nf3 Nc6 3. Bc4 Nf6 4. Ng5 d5 5. exd5 b5 6. Bxb5 Qxd5 7. Bxc6+ Qxc6 8. Qf3 e4 9. Qc3 Qd5 10. Nh3 Bd6 11. O-O O-O 12. d3 Bb7 13. Qb3 Qc6 14. dxe4 Nxe4 15. f3 Nf6 16. Nc3 Ng4 17. Bf4 Bc5+ 18. Kh1 Rad8 19. Ne4 Bb6 20. Nhf2 Nxf2+ 21. Nxf2 Ba6 22. Nd3 Qf6 23. Bg3 Rfe8 24. Rfe1 Bb7 25. Bf2 h6 26. Bxb6 axb6 27. Kg1 Qd4+ 28. Kh1 Re3 29. Rxe3 Qxe3 30. Re1 Rxd3 31. Qb4 Qd4 32. Qe7 Rd1 33. c3 Qd2 34. Rg1 Qc1 35. Qd8+ Rxd8 36. Rxc1 Rd2 37. b4 Rxa2 38. Kg1 Bc8 39. c4 Be6 40. b5 Ra4 41. c5 Rc4 42. Rd1 Rxc5 43. Kf2 Rxb5 44. g4 c6 45. Ra1 Bd5 46. f4 Rb2+ 47. Kg3 b5 48. h3 b4 49. Kh4 Rg2 50. g5 hxg5+ 51. fxg5 b3 52. Re1 Rc2 53. g6 fxg6 54. Kg5 b2 55. Kxg6 Rg2+ 56. Kh5 Bf7+ 57. Kh4 g5# 0-1

[Event "CAN-ch Post-Secondary A"]
[Site "Waterloo CAN"]
[Date "2011.01.15"]
[Round "2.1"]
[White "Longo, Tyler"]
[Black "Brammall, Stuart"]
[Result "1/2-1/2"]
[WhiteElo "2031"]
[BlackElo "1974"]
[PlyCount "35"]
[GameId "2160767909812876"]
[EventDate "2011.01.15"]
[EventType "team"]
[EventRounds "4"]
[EventCountry "CAN"]
[SourceTitle "EXT 2022"]
[Source "ChessBase"]
[SourceDate "2021.10.06"]
[SourceVersion "1"]
[SourceVersionDate "2021.10.06"]
[SourceQuality "1"]

1. Nf3 e6 2. d4 d5 3. e3 c5 4. Bd3 Nf6 5. b3 cxd4 6. exd4 Bb4+ 7. Bd2 Bd6 8. Ne5 Nc6 9. Bc3 Nb4 10. Bxb4 Bxb4+ 11. c3 Be7 12. O-O Bd7 13. Re1 Rc8 14. Re3 Kf8 15. g4 Be8 16. Rh3 g6 17. Qf3 Kg7 18. Qe3 1/2-1/2

[Event "CAN-ch Post-Secondary A"]
[Site "Waterloo CAN"]
[Date "2011.01.15"]
[Round "2.1"]
[White "Modwal, Sankalp"]
[Black "Stevens, Christian"]
[Result "1/2-1/2"]
[WhiteElo "2244"]
[BlackElo "2388"]
[PlyCount "51"]
[GameId "2160767909812877"]
[EventDate "2011.01.15"]
[EventType "team"]
[EventRounds "4"]
[EventCountry "CAN"]
[WhiteTeam "McGill"]
[BlackTeam "U of Guelph - A"]

1. e4 c5 2. Nc3 e6 3. f4 Nc6 4. Nf3 Nge7 5. d4 cxd4 6. Nxd4 Nxd4 7. Qxd4 Nc6 8. Qf2 d5 9. Be3 Bb4 10. Bc5 Bxc3+ 11. bxc3 Qa5 12. Bd4 Nxd4 13. Qxd4 O-O 14. e5 Bd7 15. Kd2 Rac8 16. a4 Rc5 17. Bd3 Rfc8 18. Qb4 Qc7 19. Ra3 a5 20. Qd4 b5 21. axb5 Bxb5 22. Rb1 Bc4 23. g3 g6 24. h4 Qe7 25. Rba1 Qc7 26. Rb1 1/2-1/2

[Event "CAN-ch Post-Secondary A"]
[Site "Waterloo CAN"]
[Date "2011.01.15"]
[Round "2.2"]
[White "Xu, Haizhou"]
[Black "Sundar, Avinaash"]
[Result "1/2-1/2"]
[WhiteElo "2041"]
[BlackElo "2228"]
[PlyCount "70"]
[GameId "2160767909812880"]
[EventDate "2011.01.15"]
[EventType "team"]
[EventRounds "4"]
[EventCountry "CAN"]
[WhiteTeam "U of Toronto - A"]
[BlackTeam "U of Waterloo - A"]

1. e4 c5 2. Nf3 Nc6 3. d3 e6 4. g3 d5 5. Nbd2 Nf6 6. Bg2 Be7 7. O-O O-O 8. c3 Rb8 9. a3 b5 10. Re1 Nd7 11. exd5 exd5 12. Qb3 Nf6 13. Ne5 Nxe5 14. Rxe5 Bd6 15. Re1 Be6 16. Nf3 d4 17. Qc2 dxc3 18. bxc3 h6 19. d4 Bd5 20. Ne5 Bxg2 21. Kxg2 Qc8 22. Qd3 Rd8 23. Bb2 Qb7+ 24. Qf3 Qxf3+ 25. Kxf3 Rbc8 26. Rac1 c4 27. Ng4 Nd5 28. Ne3 Nb6 29. Nc2 g5 30. Rb1 Nd5 31. Ne3 Ne7 32. Kg4 Kh7 33. h4 gxh4 34. Kxh4 Kg6 35. Kg4 h5+ 1/2-1/2

[Event "CAN-ch Post-Secondary A"]
[Site "Waterloo CAN"]
[Date "2011.01.15"]
[Round "2.3"]
[White "Lacau Rodean, Iulia"]
[Black "Ferreira, Alex"]
[Result "1-0"]
[WhiteElo "2073"]
[BlackElo "2080"]
[PlyCount "47"]
[GameId "2160767909812882"]
[EventDate "2011.01.15"]
[EventType "team"]
[EventRounds "4"]
[EventCountry "CAN"]
[SourceTitle "EXT 2022"]
[Source "ChessBase"]
[SourceDate "2021.10.06"]
[SourceVersion "1"]
[SourceVersionDate "2021.10.06"]
[SourceQuality "1"]

1. e4 e5 2. Nf3 Nc6 3. Bb5 Nf6 4. O-O Nxe4 5. Bxc6 dxc6 6. Nxe5 Be6 7. d4 c5 8. Qe2 Qxd4 9. Qb5+ Kd8 10. Qxb7 Qxe5 11. Qxa8+ Kd7 12. g3 Bd5 13. Rd1 Ke6 14. Qc8+ Kf6 15. Qd8+ Ke6 16. Bf4 Qh5 17. Nc3 Bd6 18. Qxh8 Nxc3 19. bxc3 Bf3 20. Qc8+ Kf6 21. Rxd6+ cxd6 22. Bxd6 Kg6 23. Bxc5 Bd5 24. g4 1-0

[Event "CAN-ch Post-Secondary A"]
[Site "Waterloo CAN"]
[Date "2011.01.15"]
[Round "2.3"]
[White "Ramaswamy, Kiran"]
[Black "Clark, Robert1"]
[Result "1-0"]
[WhiteElo "1943"]
[BlackElo "1774"]
[PlyCount "81"]
[GameId "2160767909812883"]
[EventDate "2011.01.15"]
[EventType "team"]
[EventRounds "4"]
[EventCountry "CAN"]
[SourceTitle "EXT 2022"]
[Source "ChessBase"]
[SourceDate "2021.10.06"]
[SourceVersion "1"]
[SourceVersionDate "2021.10.06"]
[SourceQuality "1"]

1. c4 e6 2. Nf3 c5 3. Nc3 Nf6 4. g3 Nc6 5. Bg2 Be7 6. O-O O-O 7. d4 cxd4 8. Nxd4 a6 9. e4 Qc7 10. Be3 b6 11. Qe2 Bb7 12. Rad1 Rfd8 13. b3 Bc5 14. h3 Rac8 15. a4 Nb4 16. Bg5 Qe5 17. Bf4 Qh5 18. g4 Qg6 19. e5 Bxg2 20. Kxg2 Ne8 21. Ne4 d5 22. exd6 Nxd6 23. Nxc5 bxc5 24. Nxe6 Qxe6 25. Qxe6 fxe6 26. Bxd6 Kf7 27. Bf4 Kf6 28. Be3 Rxd1 29. Rxd1 Nc2 30. Bd2 Ke5 31. Bc3+ Nd4 32. b4 Ke4 33. bxc5 Ne2 34. Bxg7 Rxc5 35. f3+ Ke3 36. Bh6+ Nf4+ 37. Kg3 Rxc4 38. Bxf4+ Rxf4 39. Re1+ Kd2 40. Kxf4 Kxe1 41. Ke5 1-0

[Event "CAN-ch Post-Secondary A"]
[Site "Waterloo CAN"]
[Date "2011.01.15"]
[Round "2.3"]
[White "Riordon, Jason"]
[Black "McDonald, Justin"]
[Result "1/2-1/2"]
[WhiteElo "2049"]
[BlackElo "2006"]
[PlyCount "67"]
[GameId "2160767909812884"]
[EventDate "2011.01.15"]
[EventType "team"]
[EventRounds "4"]
[EventCountry "CAN"]
[SourceTitle "EXT 2022"]
[Source "ChessBase"]
[SourceDate "2021.10.06"]
[SourceVersion "1"]
[SourceVersionDate "2021.10.06"]
[SourceQuality "1"]

1. e4 e5 2. Nf3 Nc6 3. Bb5 a6 4. Bxc6 dxc6 5. O-O f6 6. d4 Bg4 7. dxe5 Qxd1 8. Rxd1 fxe5 9. Be3 Bxf3 10. gxf3 Bd6 11. c4 Nf6 12. c5 Be7 13. Nd2 Nd7 14. Nc4 O-O-O 15. b4 Rhf8 16. Rd3 Rxf3 17. Rad1 Rff8 18. f3 Bf6 19. Bc1 Rfe8 20. Bb2 Nf8 21. Rxd8+ Rxd8 22. Rxd8+ Kxd8 23. Bxe5 Nd7 24. Bxf6+ gxf6 25. Nb2 b6 26. Nd3 Ke7 27. f4 f5 28. exf5 Kf6 29. Kf2 Kxf5 30. Kf3 Nf6 31. Ne5 Nd5 32. Nxc6 bxc5 33. bxc5 Nxf4 34. Ne7+ 1/2-1/2

[Event "CAN-ch Post-Secondary A"]
[Site "Waterloo CAN"]
[Date "2011.01.15"]
[Round "2.4"]
[White "Roddick, Steve"]
[Black "Moisseev, Dmitri"]
[Result "1-0"]
[WhiteElo "1826"]
[BlackElo "1881"]
[PlyCount "49"]
[GameId "2160767909812885"]
[EventDate "2011.01.15"]
[EventType "team"]
[EventRounds "4"]
[EventCountry "CAN"]
[SourceTitle "EXT 2022"]
[Source "ChessBase"]
[SourceDate "2021.10.06"]
[SourceVersion "1"]
[SourceVersionDate "2021.10.06"]
[SourceQuality "1"]

1. e4 e5 2. Nf3 Nc6 3. d4 exd4 4. Nxd4 Nxd4 5. Qxd4 d6 6. Be3 Qf6 7. Qa4+ Bd7 8. Qb3 b6 9. Nc3 c6 10. O-O-O Ne7 11. Bd4 Qg5+ 12. Kb1 Ng6 13. Bc4 Qe7 14. Rhe1 b5 15. Bxb5 cxb5 16. Nd5 Qd8 17. e5 a6 18. Nc7+ Ke7 19. exd6+ Kxd6 20. Be5+ Kc6 21. Qd5+ Kb6 22. Nxa8+ Ka5 23. Bc3+ Bb4 24. Bxb4+ Kxb4 25. Qb3+ 1-0

[Event "CAN-ch Post-Secondary A"]
[Site "Waterloo CAN"]
[Date "2011.01.15"]
[Round "2.4"]
[White "Von Keitz, Michael"]
[Black "Suire, Benjamin"]
[Result "1/2-1/2"]
[WhiteElo "1747"]
[BlackElo "1765"]
[PlyCount "47"]
[GameId "2160767909812886"]
[EventDate "2011.01.15"]
[EventType "team"]
[EventRounds "4"]
[EventCountry "CAN"]
[SourceTitle "EXT 2022"]
[Source "ChessBase"]
[SourceDate "2021.10.06"]
[SourceVersion "1"]
[SourceVersionDate "2021.10.06"]
[SourceQuality "1"]

1. e4 e6 2. d4 d5 3. exd5 exd5 4. Bf4 Nf6 5. Nf3 Bg4 6. Be2 Be7 7. O-O O-O 8. Nc3 Re8 9. Nb5 Na6 10. c4 c6 11. Nc3 Nc7 12. Qb3 Bd6 13. Bxd6 Qxd6 14. c5 Qd7 15. Ne5 Qc8 16. Bxg4 Nxg4 17. Nxg4 Qxg4 18. Qxb7 Ne6 19. Qxc6 Nf4 20. g3 Nh3+ 21. Kg2 Nf4+ 22. Kg1 Qf3 23. gxf4 Qg4+ 24. Kh1 1/2-1/2

[Event "CAN-ch Post-Secondary A"]
[Site "Waterloo CAN"]
[Date "2011.01.15"]
[Round "2.4"]
[White "Yu, Jonathan"]
[Black "Pan, Neal"]
[Result "0-1"]
[WhiteElo "1969"]
[BlackElo "2037"]
[PlyCount "120"]
[GameId "2160767909812887"]
[EventDate "2011.01.15"]
[EventType "team"]
[EventRounds "4"]
[EventCountry "CAN"]
[SourceTitle "EXT 2022"]
[Source "ChessBase"]
[SourceDate "2021.10.06"]
[SourceVersion "1"]
[SourceVersionDate "2021.10.06"]
[SourceQuality "1"]

1. e4 d6 2. d4 Nf6 3. Nc3 g6 4. Nf3 Bg7 5. Bd3 O-O 6. O-O Nh5 7. Be3 e5 8. dxe5 dxe5 9. Re1 c6 10. b3 Qc7 11. Qd2 Nd7 12. Rad1 Nb6 13. a4 Be6 14. h3 Rad8 15. Bc5 Rfe8 16. Qe3 Nc8 17. Ng5 Nf4 18. Nxe6 Nxe6 19. Bc4 Nd4 20. Qc1 Nd6 21. Bxd6 Rxd6 22. Ne2 Red8 23. c3 b5 24. axb5 cxb5 25. Bd5 Nc6 26. c4 Nb4 27. c5 Ra6 28. Nc3 Rb8 29. Qg5 Qxc5 30. Re3 Bf6 31. Qh6 Qe7 32. Rg3 Rab6 33. Rf3 Rf8 34. g3 Bg7 35. Bxf7+ Kh8 36. Rd7 Bxh6 37. Rxe7 Nc6 38. Rc7 Nd4 39. Rd3 Rf6 40. Bxg6 hxg6 41. Nd1 R6f7 42. Rc5 a5 43. Kf1 Bg7 44. h4 Ra8 45. Nc3 a4 46. Nxb5 a3 47. Nxd4 exd4 48. Rd1 a2 49. Ra1 d3 50. e5 Rb7 51. f4 Rxb3 52. Rcc1 Rb2 53. Rd1 Ra3 54. g4 Rab3 55. e6 Bf6 56. g5 Be7 57. Rdc1 Rb1 58. Kf2 Rxa1 59. Rxa1 Bc5+ 60. Kf3 d2+ 0-1

[Event "CAN-ch Post-Secondary A"]
[Site "Waterloo CAN"]
[Date "2011.01.16"]
[Round "3.1"]
[White "Brammall, Stuart"]
[Black "Stevens, Christian"]
[Result "0-1"]
[WhiteElo "1974"]
[BlackElo "2388"]
[PlyCount "56"]
[GameId "2160767909812888"]
[EventDate "2011.01.15"]
[EventType "team"]
[EventRounds "4"]
[EventCountry "CAN"]
[SourceTitle "EXT 2022"]
[Source "ChessBase"]
[SourceDate "2021.10.06"]
[SourceVersion "1"]
[SourceVersionDate "2021.10.06"]
[SourceQuality "1"]

1. e4 c5 2. Nf3 e6 3. d3 Nc6 4. g3 d5 5. Nbd2 Nge7 6. Bg2 g6 7. O-O Bg7 8. Re1 b6 9. c3 d4 10. cxd4 Nxd4 11. Nxd4 Qxd4 12. Nc4 O-O 13. Be3 Qd7 14. Qd2 Ba6 15. f4 Bxc4 16. dxc4 Qxd2 17. Bxd2 Bxb2 18. Rad1 Rad8 19. Be3 Bc3 20. Rf1 Nc6 21. Kf2 Na5 22. Rc1 Bd2 23. Rc2 Bxe3+ 24. Kxe3 Rd4 25. Rfc1 e5 26. Bh3 exf4+ 27. gxf4 Rfd8 28. Rc3 Nxc4+ 0-1

[Event "CAN-ch Post-Secondary A"]
[Site "Waterloo CAN"]
[Date "2011.01.16"]
[Round "3.1"]
[White "Farine, Jonathan"]
[Black "Voloaca, Mihnea"]
[Result "1/2-1/2"]
[WhiteElo "1891"]
[BlackElo "2338"]
[PlyCount "93"]
[GameId "2160767909812891"]
[EventDate "2011.01.15"]
[EventType "team"]
[EventRounds "4"]
[EventCountry "CAN"]
[SourceTitle "EXT 2022"]
[Source "ChessBase"]
[SourceDate "2021.10.06"]
[SourceVersion "1"]
[SourceVersionDate "2021.10.06"]
[SourceQuality "1"]

1. e4 e5 2. Nf3 Nc6 3. Bc4 Bc5 4. O-O Nf6 5. d4 exd4 6. e5 d5 7. exf6 dxc4 8. Re1+ Be6 9. Ng5 Qd5 10. Nc3 Qf5 11. Nce4 O-O-O 12. g4 Qe5 13. Nxe6 fxe6 14. Bg5 Bb4 15. fxg7 Qxg7 16. Bf6 Qg6 17. Bxd8 Rxd8 18. Re2 Qxg4+ 19. Ng3 Qg6 20. Re4 Rg8 21. Qe2 Kd7 22. Kh1 b5 23. a4 a6 24. axb5 axb5 25. Ra6 Bd6 26. b3 Nb4 27. Rxd6+ cxd6 28. bxc4 e5 29. c5 dxc5 30. Rxe5 Qc6+ 31. Kg1 Rg7 32. Qh5 Qg6 33. Qxg6 Rxg6 34. Rxc5 Rc6 35. Rxb5 Nxc2 36. Rb7+ Rc7 37. Rxc7+ Kxc7 38. Kf1 d3 39. Nh5 Nd4 40. Ke1 Nf3+ 41. Kd1 Kd6 42. Nf4 d2 43. Ng2 Ke5 44. Ne3 Kf4 45. Nc4 Nxh2 46. Nxd2 Nf3 47. Nxf3 1/2-1/2

[Event "CAN-ch Post-Secondary A"]
[Site "Waterloo CAN"]
[Date "2011.01.16"]
[Round "3.2"]
[White "Gee, Kar Fai"]
[Black "Gellner, Nicholas"]
[Result "1/2-1/2"]
[WhiteElo "1961"]
[BlackElo "1824"]
[PlyCount "42"]
[GameId "2160767909812893"]
[EventDate "2011.01.15"]
[EventType "team"]
[EventRounds "4"]
[EventCountry "CAN"]
[SourceTitle "EXT 2022"]
[Source "ChessBase"]
[SourceDate "2021.10.06"]
[SourceVersion "1"]
[SourceVersionDate "2021.10.06"]
[SourceQuality "1"]

1. d4 Nf6 2. c4 e5 3. dxe5 Ng4 4. Bf4 g5 5. Bg3 Bg7 6. Nf3 Nc6 7. Nbd2 Ngxe5 8. Qc2 b6 9. Nxe5 Bxe5 10. Bxe5 Nxe5 11. Qe4 Qe7 12. Qxa8 Nd3+ 13. Kd1 Nxf2+ 14. Kc2 O-O 15. Rg1 d5 16. Qxd5 Rd8 17. Qf3 Qc5 18. e4 Ng4 19. Re1 Qxg1 20. h3 Qd4 21. Nb3 Qf2+ 1/2-1/2

[Event "CAN-ch Post-Secondary A"]
[Site "Waterloo CAN"]
[Date "2011.01.16"]
[Round "3.3"]
[White "Ferreira, Alex"]
[Black "Ramaswamy, Kiran"]
[Result "1-0"]
[WhiteElo "2080"]
[BlackElo "1943"]
[PlyCount "81"]
[GameId "2160767909812895"]
[EventDate "2011.01.15"]
[EventType "team"]
[EventRounds "4"]
[EventCountry "CAN"]
[SourceTitle "EXT 2022"]
[Source "ChessBase"]
[SourceDate "2021.10.06"]
[SourceVersion "1"]
[SourceVersionDate "2021.10.06"]
[SourceQuality "1"]

1. d4 Nf6 2. Bg5 d6 3. c4 Nbd7 4. Nc3 c5 5. Bxf6 gxf6 6. d5 Ne5 7. e3 Bd7 8. Nf3 Bg7 9. Qc2 Qa5 10. Nxe5 fxe5 11. Bd3 h6 12. O-O O-O 13. f4 Rab8 14. f5 a6 15. f6 Bxf6 16. Rxf6 exf6 17. Ne4 Qd8 18. Ng3 Qe7 19. Rf1 Kh8 20. Qe2 f5 21. Bxf5 Bxf5 22. Nxf5 Qf6 23. Qh5 Kh7 24. Rf3 Rg8 25. Ng3 Qg6 26. Rxf7+ Kh8 27. Qf3 Qb1+ 28. Nf1 Rg6 29. e4 Rbg8 30. g3 Qc1 31. b3 Qg5 32. Ne3 h5 33. Rf5 Qd8 34. Rxh5+ Kg7 35. Nf5+ Kf8 36. Rh7 Rf6 37. Qh5 Qa5 38. Kg2 Qd2+ 39. Kh3 Qf2 40. Rxb7 Rxg3+ 41. Nxg3 1-0